000 01041nam a22002295i 4500
001 152586
003 ES-MaACL
005 20230906204815.0
008 990615s1868 fr |||| | fre d
040 _aCCPB | B
_bspa
_cCCPB | B
100 1 _aBrachet, Auguste.
_931235
245 1 0 _aDictionnaire des doublets ou Doubles formes de la langue française /
_cpar Auguste Brachet.
260 _aParis :
_bLibrairie A. Franck,
_c1868.
300 _a2 v (63 ;22 p.) ;
_c22 cm.
490 1 _aCollection philologique. Recueil de travaux originaux ou traduits relatifs a la philologie & a l'histoire littéraire
596 1 _aPie de imprenta en el 2º v.: Paris : Librairie A. Franck, F. Vieweg propriétaire.
650 4 _aLengua francesa.
_9140408
740 0 _aDoubles formes de la langue française.
830 0 _aCollection philologique. Recueil de travaux originaux ou traduits relatifs a la philologie & a l'histoire littéraire
_9221343
852 _aES-MaACL
_jC-6760
_z-- Enc. hol.
_z-- Enc. 2 t. en 1 v.
999 _c152586
_d152586